Delsu law review (Record no. 38156)

MARC details
000 -LEADER
fixed length control field 00470nam a2200157Ia 4500
022 ## - INTERNATIONAL STANDARD SERIAL NUMBER
ISSN 03313638
050 ## - CALL MARK
Classification number K 4 .E425 .D45/
245 #0 - TITLE STATEMENT
Title Delsu law review
260 ## - PUBLICATION, DISTRIBUTION, ETC. (IMPRINT)
Place of publication Delta State
260 ## - PUBLICATION, DISTRIBUTION, ETC. (IMPRINT)
Name of publisher [Delta State, Nigeria] : Faculty of Law, Delta State University, Oleh Campus
300 ## - PHYSICAL DESCRIPTION
Number of Pages vii, 380 p. ; 21 cm.
650 ## - SUBJECT ADDED ENTRY--TOPICAL TERM
Topical Term Law--Nigeria--Periodicals. Law reviews--Nigeria.
942 ## - ADDED ENTRY ELEMENTS (KOHA)
Koha item type Serials

No items available.